01364nam a2200325 a 4500001001200000003000800012006001900020007001500039008004100054020001800095020001800113020002700131040002100158035002100179050002700200082001400227100002100241245011300262260004300375300006100418504005100479505012500530533015200655650001500807650002300822655002900845700002100874710001700895856012600912ebr10682389CaPaEBRm u cr cn|||||||||130411s2013 gw adf sb 001 0 eng d z9783527409952 z9783527329045 z9783527647057 (e-book) aCaPaEBRcCaPaEBR a(OCoLC)84116955314aTK7874.85b.A48 2013eb04a668.32221 aAltomare, Fabio.10aOne-dimensional superconductivity in nanowiresh[electronic resource] /cFabio Altomare and Albert M. Chang. aWeinheim, Germany :bWiley-VCH,c2013. axxxvi, 307 p., 16 plates (some col.) :bill. (some col.) aIncludes bibliographical references and index.0 apt. 1. Theoretical aspects of Superconductivity in 1D nanowires -- pt. 2. Review of experiments on 1D superconductivity. aElectronic reproduction.bPalo Alto, Calif. :cebrary,d2013.nAvailable via World Wide Web.nAccess may be limited to ebrary affiliated libraries. 0aNanowires. 0aSuperconductivity. 7aElectronic books.2local1 aChang, Albert M.2 aebrary, Inc.40uhttp://site.ebrary.com/lib/rucke/Doc?id=10682389zAn electronic book accessible through the World Wide Web; click to view